The Perkins library. A catalogue of the very valuable and important library formed by the late Henry Perkins, esq., at the beginning of the present century, and comprising many splendid illuminated manuscripts of the highest class, a remarkable collection of ancient Bibles, examples of printing on vellum, the four folio editions of Shakespeare, humerous valuable county histories, and fine books in all classes of literature, which will be sold by auction by Messrs. Gadsden, Ellis & co., June 3rd [1873] and three following days.
Saved in:
| Main Author: | |
|---|---|
| Format: | Book |
| Language: | English |
| Published: |
[London,
Printed by W. H. and L. Collingridge,
1873]
|
| Subjects: | |
| Tags: |
Add Tag
No Tags, Be the first to tag this record!
|
| LEADER | 01798cam a2200337I 4500 | ||
|---|---|---|---|
| 001 | 006311368-6 | ||
| 005 | 20020606163548.3 | ||
| 008 | 770615s1873 enk 000 0 eng | ||
| 010 | |a 02022738 | ||
| 035 | 0 | |a ocm03044046 | |
| 040 | |a DLC |c OCP |d OCL |d HLS | ||
| 043 | |a e-uk-en | ||
| 050 | |a Z1022 |b .P41 | ||
| 100 | 1 | |a Perkins, Henry, |d 1778-1855. | |
| 245 | 1 | 4 | |a The Perkins library. |b A catalogue of the very valuable and important library formed by the late Henry Perkins, esq., at the beginning of the present century, and comprising many splendid illuminated manuscripts of the highest class, a remarkable collection of ancient Bibles, examples of printing on vellum, the four folio editions of Shakespeare, humerous valuable county histories, and fine books in all classes of literature, which will be sold by auction by Messrs. Gadsden, Ellis & co., June 3rd [1873] and three following days. |
| 260 | |a [London, |b Printed by W. H. and L. Collingridge, |c 1873] | ||
| 300 | |a 99 p. |b facsim. |c 29 cm. | ||
| 500 | |a The collection was bequeathed by Henry Perkins to his relatives, Algernon Perkins, and upon the latter's death in 1872 was put up at auction, the 865 lots bringing £25,954, 4s. | ||
| 500 | |a Appended: Perkins library. | ||
| 650 | 0 | |a Rare books. | |
| 650 | 0 | |a Books |x Prices. | |
| 650 | 0 | |a Manuscripts |x Catalogs. | |
| 650 | 2 | |a Manuscripts |v Catalogs. | |
| 655 | 7 | |a Bibliography |v Catalogs. |2 fast |0 (OCoLC)fst01423688 | |
| 655 | 7 | |a Catalogs. |2 fast |0 (OCoLC)fst01423692 | |
| 655 | 7 | |a Rare books. |2 lcgft | |
| 655 | 7 | |a Library (institution) catalogues |z England |y 1873. |2 aat | |
| 655 | 2 | |a Catalogs. | |
| 776 | 0 | 8 | |i Online version: |a Perkins, Henry, 1776?-1855. |t Perkins library. |d [London, Printed by W.H. and L. Collingridge, 1873] |w (OCoLC)671513103 |
| 988 | |a 20020608 | ||
| 906 | |0 DLC | ||


